[Event "NED-ch U20 Girls"]
[Site "Haarlem"]
[Date "2012.05.03"]
[Round "6"]
[White "Reichardt, Monica"]
[Black "Nicolai, Celine"]
[Result "0-1"]
[WhiteElo "1242"]
[BlackElo "1765"]
[PlyCount "76"]
[EventDate "2012.04.28"]
[EventType "tourn"]
[EventRounds "9"]
[EventCountry "NED"]
[SourceTitle "EXT 2013"]
[Source "ChessBase"]
[SourceDate "2012.11.22"]
[SourceVersion "1"]
[SourceVersionDate "2012.11.22"]
[SourceQuality "1"]

1. e4 d5 2. exd5 Qxd5 3. d4 Nf6 4. c4 Qa5+ 5. Bd2 Qf5 6. Nf3 Nc6 7. Be2 e5 8. dxe5 Ng4 9. 0-0 Ncxe5 10. Nxe5 Nxe5 11. Re1 Be7 12. Nc3 c6 13. a3 0-0 14. b4 Rd8 15. Qc1 Be6 16. c5 Bf6 17. Be3 Nd3 18. Bxd3 Qxd3 19. Ne2 Bxa1 20. Qxa1 Bd5 21. Nf4 Qf5 22. f3 Re8 23. Qc3 Rad8 24. a4 Qe5 25. Qd3 Bxf3 26. Qf1 Bg4 27. Qf2 Rd1 28. Rxd1 Bxd1 29. Bd2 Bxa4 30. Nd3 Qe2 31. Qxe2 Rxe2 32. Bc3 Re3 33. Nb2 Rxc3 34. Nxa4 Rb3 35. Kf1 Rxb4 36. Nc3 Rc4 37. Ne2 Rxc5 38. Nf4 Rf5 0-1

[Event "NED-ch U20 Girls"]
[Site "Haarlem"]
[Date "2012.04.29"]
[Round "2"]
[White "Kazarian, Anna Maja"]
[Black "Nicolai, Celine"]
[Result "0-1"]
[WhiteElo "1968"]
[BlackElo "1765"]
[PlyCount "74"]
[EventDate "2012.04.28"]
[EventType "tourn"]
[EventRounds "9"]
[EventCountry "NED"]
[SourceTitle "EXT 2013"]
[Source "ChessBase"]
[SourceDate "2012.11.22"]
[SourceVersion "1"]
[SourceVersionDate "2012.11.22"]
[SourceQuality "1"]

1. e4 d5 2. exd5 Qxd5 3. Nc3 Qa5 4. d4 c6 5. Nf3 Nf6 6. Bc4 Bf5 7. 0-0 e6 8. Bd2 Qc7 9. Bg5 Be7 10. Re1 Nbd7 11. Qd2 Nb6 12. Bb3 Nbd5 13. Nxd5 Nxd5 14. Bxe7 Nxe7 15. c4 Rd8 16. Rad1 0-0 17. h3 Rfe8 18. g4 Bg6 19. Kg2 b5 20. c5 Nd5 21. Bxd5 exd5 22. Ne5 Be4+ 23. f3 f6 24. fxe4 fxe5 25. exd5 Rxd5 26. Qc3 Qd7 27. Qe3 Rf8 28. Qb3 Kh8 29. dxe5 Rd2+ 30. Kg3 Rd8 31. Rxd2 Qxd2 32. Re3 Qc1 33. Qc3 Qg1+ 34. Kh4 Qf2+ 35. Kg5 h6+ 36. Kg6 Rf8 37. Qb3 Qh4 0-1

[Event "NED-ch U17 Girls"]
[Site "Haarlem"]
[Date "2011.05.06"]
[Round "7"]
[White "Nicolai, Celine"]
[Black "Dalemans, Diana"]
[Result "0-1"]
[WhiteElo "1662"]
[BlackElo "1953"]
[PlyCount "128"]
[EventDate "2011.04.30"]
[EventType "swiss"]
[EventRounds "9"]
[EventCountry "NED"]
[SourceTitle "EXT 2012"]
[Source "ChessBase"]
[SourceDate "2011.11.24"]
[SourceVersion "1"]
[SourceVersionDate "2011.11.24"]
[SourceQuality "1"]

1. e4 d5 2. exd5 Qxd5 3. Nc3 Qa5 4. Nf3 Nf6 5. Be2 Bf5 6. 0-0 e6 7. d4 c6 8. Ne5 Be7 9. Bd3 Bxd3 10. Qxd3 Nbd7 11. Bf4 0-0 12. Rfe1 Rad8 13. Qe3 Nxe5 14. Qxe5 Qxe5 15. dxe5 Nd5 16. Nxd5 Rxd5 17. Rad1 Rfd8 18. Rxd5 Rxd5 19. Kf1 Bc5 20. b3 Bb4 21. Re4 Bc3 22. Ke2 a6 23. Kf3 Kf8 24. Re3 Ba5 25. Rd3 Ke7 26. Ke4 Bc7 27. c4 Rxd3 28. Kxd3 Bb6 29. f3 Kd7 30. Be3 Bc7 31. Kd4 b6 32. a4 c5+ 33. Ke4 Kc6 34. f4 b5 35. axb5+ axb5 36. f5 Bd8 37. g4 Be7 38. h3 Kb6 39. Bd2 Ka6 40. Bc3 Bd8 41. Kd3 Kb6 42. Ke4 Kc6 43. Kf4 bxc4 44. bxc4 Bh4 45. Kf3 Bg5 46. Ke4 Bc1 47. Kd3 Kd7 48. Kc2 Bg5 49. Kd3 Ke7 50. Ba5 Kd7 51. Bc3 Bd8 52. Ke4 Kc6 53. Kf4 Kd7 54. Ke4 Bg5 55. Ba5 Kc6 56. Kd3 Bc1 57. Bd8 Kd7 58. Ba5 Bb2 59. Bc3 Bxc3 60. Kxc3 exf5 61. gxf5 g6 62. fxg6 fxg6 63. Kd3 Ke6 64. Ke4 g5 0-1

[Event "NED-ch U17 Girls"]
[Site "Haarlem"]
[Date "2011.04.30"]
[Round "1"]
[White "Nicolai, Celine"]
[Black "Lacourt, Frederique"]
[Result "0-1"]
[WhiteElo "1662"]
[BlackElo "1452"]
[PlyCount "65"]
[EventDate "2011.04.30"]
[EventType "swiss"]
[EventRounds "9"]
[EventCountry "NED"]
[SourceTitle "EXT 2012"]
[Source "ChessBase"]
[SourceDate "2011.11.24"]
[SourceVersion "1"]
[SourceVersionDate "2011.11.24"]
[SourceQuality "1"]

1. e4 e5 2. Nf3 Nc6 3. Bc4 Bc5 4. Nc3 Nf6 5. d3 h6 6. 0-0 0-0 7. Be3 Bb6 8. Ne2 d6 9. Ng3 Na5 10. Bb3 Nxb3 11. axb3 Be6 12. Qd2 Bxe3 13. fxe3 Bg4 14. h3 Bxf3 15. Rxf3 Nh7 16. Nf5 Ng5 17. Rg3 Kh7 18. Rg4 h5 19. Rh4 g6 20. Qe2 Rh8 21. Qf2 Kg8 22. Rf1 gxf5 23. Qxf5 Rh7 24. g3 Kh8 25. d4 exd4 26. exd4 Qg8 27. Kg2 Qg6 28. Qf4 Ne6 29. Qe3 Qg5 30. Qc3 Kg8 31. d5 Nc5 32. Rhf4 Qe5 33. Qxe5 0-1

[Event "NED-ch U15 Girls"]
[Site "Venlo"]
[Date "2009.05.02"]
[Round "9"]
[White "Nicolai, Celine"]
[Black "De Vries, Emma"]
[Result "0-1"]
[WhiteElo "1615"]
[BlackElo "1556"]
[PlyCount "74"]
[EventDate "2009.04.24"]
[EventType "swiss"]
[EventRounds "9"]
[EventCountry "NED"]
[SourceTitle "EXT 2013"]
[Source "ChessBase"]
[SourceDate "2012.11.22"]
[SourceVersion "1"]
[SourceVersionDate "2012.11.22"]
[SourceQuality "1"]

1. d4 Nf6 2. Nc3 d5 3. Bf4 e6 4. a3 c5 5. Nf3 Nc6 6. e3 a6 7. Be2 Be7 8. 0-0 0-0 9. Re1 Bd7 10. h3 Rc8 11. Ne5 Na5 12. Bg5 h6 13. Bh4 Nc6 14. Nxd7 Nxd7 15. Bxe7 Qxe7 16. Bf3 Nb6 17. Ne2 Qd6 18. Ng3 Rfd8 19. Bh5 Nd7 20. c3 Nf6 21. Rc1 Ne7 22. e4 Qb6 23. Rb1 dxe4 24. dxc5 Qxc5 25. Qe2 g6 26. Bg4 h5 27. Bxe6 fxe6 28. Nxe4 Nxe4 29. Qxe4 Rc6 30. Rbd1 Rxd1 31. Rxd1 Qf5 32. Rd8+ Kf7 33. Qd4 e5 34. Qb4 Rc7 35. Qb3+ Kg7 36. Qa4 Nc6 37. Qb3 Nxd8 0-1

[Event "NED-ch U15 Girls"]
[Site "Venlo"]
[Date "2009.04.25"]
[Round "2"]
[White "Sekandar, Nilofar"]
[Black "Nicolai, Celine"]
[Result "1/2-1/2"]
[WhiteElo "1318"]
[BlackElo "1615"]
[PlyCount "81"]
[EventDate "2009.04.24"]
[EventType "swiss"]
[EventRounds "9"]
[EventCountry "NED"]
[SourceTitle "EXT 2013"]
[Source "ChessBase"]
[SourceDate "2012.11.22"]
[SourceVersion "1"]
[SourceVersionDate "2012.11.22"]
[SourceQuality "1"]

1. e4 e5 2. Nf3 Nc6 3. Bc4 Bc5 4. Nc3 d6 5. d3 Bg4 6. Be3 Bb6 7. Qd2 h6 8. 0-0-0 Qd7 9. Rhg1 Be6 10. Bd5 Nf6 11. Kb1 Ba5 12. Bb3 0-0-0 13. Bxe6 Qxe6 14. a3 d5 15. exd5 Nxd5 16. Ka1 Rhe8 17. Qe1 a6 18. Bd2 Qd7 19. h3 f6 20. g4 Nd4 21. Qe4 Nxc2+ 22. Kb1 Bxc3 23. Kxc2 Bxd2 24. Nxd2 Nb6 25. Nb1 Qd4 26. Qxd4 Rxd4 27. Nc3 Red8 28. Ne4 Nd5 29. Nc5 Rd6 30. Ne4 Rc6+ 31. Kb1 Nf4 32. Rg3 Rb6 33. Nc3 Rbd6 34. Kc2 Nd5 35. Ne2 Ra4 36. Nc1 Rc6+ 37. Kb1 Rb6 38. Ka2 Ra5 39. Nb3 Ra4 40. Nc5 Ra5 41. Nb3 1/2-1/2

[Event "NED-ch U15 Girls"]
[Site "Venlo"]
[Date "2008.04.30"]
[Round "5"]
[White "Kirana, Nancy"]
[Black "Nicolai, Celine"]
[Result "1/2-1/2"]
[WhiteElo "1596"]
[BlackElo "1503"]
[PlyCount "126"]
[EventDate "2008.04.28"]
[EventType "swiss"]
[EventRounds "9"]
[EventCountry "NED"]
[SourceTitle "CBM 123 Extra"]
[Source "ChessBase"]
[SourceDate "2008.05.06"]
[SourceVersion "1"]
[SourceVersionDate "2008.05.06"]
[SourceQuality "1"]

1. e4 e5 2. Nf3 Nc6 3. d4 d6 4. dxe5 dxe5 5. Qxd8+ Kxd8 6. Bc4 f6 7. Be3 Bd6 8. Nbd2 Nge7 9. c3 Rf8 10. Rd1 Bd7 11. Nb3 Ng6 12. Nc5 Na5 13. Be6 Bc6 14. b4 b6 15. bxa5 bxc5 16. Bxc5 Ke7 17. Bxd6+ cxd6 18. Bf5 Rab8 19. 0-0 Rb5 20. Rfe1 Rd8 21. Rb1 Rxa5 22. Rb2 Nf4 23. Re3 Ng6 24. g3 Rb5 25. Rb3 Rxb3 26. axb3 Rb8 27. c4 Rb6 28. Kg2 a5 29. Nd2 Rb7 30. Re1 Rb8 31. Ra1 Ra8 32. Bxg6 hxg6 33. f3 f5 34. Kf2 Kf6 35. Ke3 a4 36. bxa4 Rxa4 37. Rxa4 Bxa4 38. Nb1 Bb3 39. Kd3 Bd1 40. Nd2 Ba4 41. Kc3 Bc6 42. Kb4 Ke6 43. Ka5 fxe4 44. fxe4 Kd7 45. Kb6 Ba8 46. c5 d5 47. exd5 Bxd5 48. c6+ Bxc6 49. Nc4 e4 50. Ne5+ Kd6 51. Nxc6 e3 52. Nd4 Kd5 53. Ne2 Ke4 54. Ng1 Kd3 55. Kc5 e2 56. Nxe2 Kxe2 57. Kd6 Kf3 58. Ke6 Kg2 59. Kf7 Kxh2 60. g4 Kh3 61. g5 Kh4 62. Kxg6 Kg4 63. Kxg7 Kxg5 1/2-1/2

[Event "NED-ch U15 Girls"]
[Site "Venlo"]
[Date "2008.04.28"]
[Round "1"]
[White "Hortensius, Myrre"]
[Black "Nicolai, Celine"]
[Result "1-0"]
[WhiteElo "1794"]
[BlackElo "1503"]
[PlyCount "65"]
[EventDate "2008.04.28"]
[EventType "swiss"]
[EventRounds "9"]
[EventCountry "NED"]
[SourceTitle "CBM 123 Extra"]
[Source "ChessBase"]
[SourceDate "2008.05.06"]
[SourceVersion "1"]
[SourceVersionDate "2008.05.06"]
[SourceQuality "1"]

1. e4 e5 2. Nf3 Nc6 3. Bb5 d6 4. d4 Bg4 5. d5 a6 6. dxc6 axb5 7. cxb7 Rb8 8. Nc3 Qd7 9. Qd3 Rxb7 10. Bd2 Be7 11. Rd1 Nf6 12. 0-0 0-0 13. Rfe1 Rbb8 14. a3 c5 15. Bg5 c4 16. Qe3 Rfd8 17. Nxe5 Qc8 18. Nxg4 Nxg4 19. Qf4 Bxg5 20. Qxg5 Qe6 21. Rd5 h6 22. Qf5 Qxf5 23. exf5 Re8 24. Red1 Rb7 25. Rxd6 Rbe7 26. g3 Re1+ 27. Rxe1 Rxe1+ 28. Kg2 Rc1 29. Rd2 Re1 30. Nxb5 Re5 31. Nd6 Rc5 32. c3 Nf6 33. Rd4 1-0

[Event "NED-ch U13 Girls"]
[Site "Rijswijk"]
[Date "2006.05.25"]
[Round "2"]
[White "Nicolai, Celine"]
[Black "Fluit, Sylvia"]
[Result "1-0"]
[WhiteElo "1257"]
[BlackElo "1034"]
[PlyCount "73"]
[EventDate "2006.05.25"]
[EventType "swiss"]
[EventRounds "9"]
[EventCountry "NED"]
[SourceTitle "EXT 2009"]
[Source "ChessBase"]
[SourceDate "2008.11.26"]
[SourceVersion "1"]
[SourceVersionDate "2008.11.26"]
[SourceQuality "1"]

1. d4 d5 2. Nc3 e6 3. Nf3 c6 4. g3 Nf6 5. Bg2 Bb4 6. Bd2 0-0 7. 0-0 Nbd7 8. a3 Ba5 9. e3 Re8 10. Na2 Bb6 11. Re1 Qe7 12. Bb4 c5 13. dxc5 Bxc5 14. Bxc5 Nxc5 15. b4 Nce4 16. Nd2 Nd6 17. Nc3 Bd7 18. e4 dxe4 19. Ndxe4 Ndxe4 20. Nxe4 Nxe4 21. Bxe4 Rad8 22. Qe2 Bc6 23. Rad1 Rxd1 24. Rxd1 Qf6 25. Qd3 g6 26. Bxc6 bxc6 27. Qd7 Rf8 28. Qxc6 Rd8 29. Rf1 Rd2 30. c4 Ra2 31. Qa8+ Kg7 32. Qxa7 Qb2 33. b5 Rxa3 34. Qc5 Rc3 35. Qd4+ Kh6 36. Re1 Kh5 37. Qh4# 1-0

[Event "NED-ch U13 Girls"]
[Site "Rijswijk"]
[Date "2006.05.25"]
[Round "3"]
[White "Schut, Lisa"]
[Black "Nicolai, Celine"]
[Result "1-0"]
[WhiteElo "1687"]
[BlackElo "1257"]
[PlyCount "77"]
[EventDate "2006.05.25"]
[EventType "swiss"]
[EventRounds "9"]
[EventCountry "NED"]
[SourceTitle "EXT 2009"]
[Source "ChessBase"]
[SourceDate "2008.11.26"]
[SourceVersion "1"]
[SourceVersionDate "2008.11.26"]
[SourceQuality "1"]

1. e4 e5 2. Nf3 Nc6 3. Bc4 Nf6 4. d4 d6 5. dxe5 Nxe4 6. Qd5 Be6 7. Qxe4 d5 8. Bxd5 Qxd5 9. Qxd5 Bxd5 10. Bf4 0-0-0 11. Nbd2 Re8 12. 0-0 Bb4 13. c3 Bc5 14. Rad1 Rhg8 15. Nb3 Bxf3 16. gxf3 Bb6 17. Rfe1 f6 18. Nd4 Nxd4 19. cxd4 Rd8 20. Be3 fxe5 21. dxe5 Rxd1 22. Rxd1 Rf8 23. f4 Re8 24. Kg2 Re6 25. Kf3 Rh6 26. Ke4 c6 27. f5 Rh4+ 28. f4 Rh6 29. Bxb6 axb6 30. e6 Rxh2 31. f6 gxf6 32. Kf5 Rh5+ 33. Kxf6 Rh6+ 34. Kf7 Rh4 35. f5 Rf4 36. f6 h5 37. e7 Re4 38. e8Q+ Rxe8 39. Kxe8 1-0